00594 2200229 4500001002100000005001500021035002000036090001600056245003800072260004400110300002500154008004100179082001200220084001400232500002900246650001700275040001700292850001200309041000800321100001700329990001800346INLIS00000000084363020181231014847 a0010-1218000677 aL 831 WEB d10aDreizehnlinden /cvon S. W. Weber2 aPaderborn :bFerdinand Schoningh,c1890 a382 halaman ;c16 cm181231 f p ger 04223a831 a831 WEB d aTeks dalam bahasa Jerman 4aPuisi Jerman aYOPDYOGbind aYOPDYOG0 ager1 aWeber, S. W. a61644-PD/A.18